| 000 | 01085nas a2200373 4500 | ||
|---|---|---|---|
| 001 | BR0504472 | ||
| 003 | BR-BrBNA | ||
| 005 | 20231205105741.0 | ||
| 007 | ta | ||
| 008 | 230509b bl.|||p| |||| 00| 00por d | ||
| 040 |
_aBR-BrBNA _bpor _cBiblioteca Nacional de Agricultura |
||
| 041 | _a(Pt) | ||
| 072 | _aF01; L01 | ||
| 100 | 1 | _aSilva, A.C.F. da | |
| 100 | 1 | _aQuadros, F.L.F. de | |
| 100 | 1 | _aTrevisan, N. de B. | |
| 100 | 1 | _aMartins, C.E.N. | |
| 100 | 1 | _aBandinelli, D.G. | |
| 245 | 1 | _aAlternativa de manejo de pastagem hibernal: níveis de biomassa de lâmina foliar verde | |
| 650 | _aBOVINO | ||
| 650 | _aPRODUÇÃO ANIMAL | ||
| 650 | _aPASTAGEM | ||
| 650 | _aAVEIA FORRAGEIRA | ||
| 650 | _aPASTEJO | ||
| 650 | _aAZEVÉM | ||
| 650 | _aSEMEADURA | ||
| 650 | _aADUBAÇÃO | ||
| 650 | _aGANHO DE PESO | ||
| 650 | _aMATÉRIA SECA | ||
| 650 | _aPRODUÇÃO ANIMAL | ||
| 773 | 0 |
_tRevista Brasileira de Zootecnia (Brazil) _xISSN 1516-3598 _g(Mar-Apr 2005), v. 34(2) p. 472-478 _wBR0504472 |
|
| 909 |
_a202311 _bLúcia _c55 _dLúcia Elande |
||
| 942 |
_2AGRIS _n0 _cANA |
||
| 999 |
_c184482 _d184482 |
||